000 00548nam a2200181 a 4500
001 000008331
005 20240412074206.0
008 090916s1997 dr 001 j spa d
040 _aDO-SdBNP
082 _aRD863.08
_bC965p
245 0 0 _aCuentos premiados :
_bCasa de Teatro 1996. /
_cedición José Mármol.
260 _aSanto Domingo :
_bTaller,
_c1997.
300 _a105 p. ;
_c21 cm.
650 4 _aCuentos dominicanos
_xColecciones
_9503
650 0 _aLiteratura dominicana.
_967
700 1 _aMármol, José,
_d1960-
_eed.
_96454
049 _aBNPD
999 _c8102
_d8102